000 01144nac a22004334a 4500
001 UByD002786
003 AR-LpoUNG
005 20240603100632.0
008 240528s2017||||sp ad||g 001|0dspa d
020 _a9788447391547(v.14)
020 _a9788447387755 (obra completa)
040 _aAR-LpoUNG
_bspa
_cAR-LpoUNG
_eaacr
041 0 _aspa
044 _asp
082 0 4 _a510 331v14
100 1 _aGuevara Casanova, Iolanda
245 1 0 _aBrahmagupta :
_bel álgebra de las estrellas
250 _a1ra. ed.
260 _a[Barcelona] :
_bRBA,
_c2017.
300 _a159 p. :
_bil., gráfs., tbls.
490 0 _aGenios de las matemáticas
650 4 _aCIENTIFICOS
650 4 _aASTRONOMIA
650 4 _aMATEMATICAS
650 4 _aARITMETICA
650 4 _aALGEBRA
650 4 _aGEOMETRIA
650 4 _aBIOGRAFIAS
650 4 _aHISTORIA DE LAS CIENCIAS
650 4 _aANALISIS HISTORICO
650 4 _aCULTURA ASIATICA
650 4 _aCIVILIZACION ANTIGUA
650 4 _aDIVULGACION CIENTIFICA
653 0 _aNUMEROS
653 1 _aBRAHMAGUPTA
700 1 _aPuig Pla, Carles
905 _a13864
942 _cLIB
_2ddc
999 _c65352
_d65352